000 00274nam a2200109Ia 4500
008 190913s9999||||xx |||||||||||||| ||und||
100 _aHarrington Niehaus
245 0 _aRisk Management And Insurance
260 _aNew Delhi
_bMcGraw Hill
_c1998
300 _a1180
942 _cBK
999 _c8358
_d8358